El amor en los tiempos del cólera
Sparad:
| Huvudupphovsman: | |
|---|---|
| Materialtyp: | Bok |
| Språk: | spanska |
| Publicerad: |
Santiago
Sudamericana
2001
|
| Upplaga: | 57a. ed |
| Ämnen: | |
| Taggar: |
Lägg till en tagg
Inga taggar, Lägg till första taggen!
|
MARC
| LEADER | 00000nam a2200000 a 4500 | ||
|---|---|---|---|
| 001 | UCM7566 | ||
| 003 | CL-VaPUC | ||
| 008 | 021227e20010400CL |||||||||||||||||spa|d | ||
| 082 | 0 | 4 | |a Co863 |b GAR |2 21 |
| 100 | 0 | |a García Márquez, Gabriel |e author |9 318478 | |
| 245 | 1 | 3 | |a El amor en los tiempos del cólera |
| 250 | |a 57a. ed | ||
| 300 | |a 451 p | ||
| 942 | |c BK | ||
| 945 | |d 20021227 00:00:00 |a vberengu | ||
| 260 | |a Santiago |b Sudamericana |c 2001 | ||
| 650 | 0 | |a Novelas colombianas |9 266734 | |
| 650 | 0 | |a Literatura colombiana |9 315578 | |
| 583 | |a last modification |c 20021227 00:00:00 |k Rodrigo Vera | ||
| 999 | |c 302325 |d 302323 | ||